Memoria 2015-2016 (Record no. 10878)

MARC details
000 -LEADER
campo de control de longitud fija 00342nam a2200133Ia 4500
001 - NÚMERO DE CONTROL
campo de control 4592
008 - DATOS DE LONGITUD FIJA--INFORMACIÓN GENERAL
campo de control de longitud fija 241024s9999 xx 000 0 und d
082 ## - NÚMERO DE LA CLASIFICACIÓN DECIMAL DEWEY
Número de clasificación 374/G892m/2015-2016
100 ## - ENTRADA PRINCIPAL--NOMBRE DE PERSONA
Nombre de persona Grupo San Valero
245 #0 - MENCIÓN DEL TÍTULO
Título Memoria 2015-2016
260 ## - PUBLICACIÓN, DISTRIBUCIÓN, ETC.
Nombre del editor, distribuidor, etc. Ediciones Universidad San Jorge
Fecha de publicación, distribución, etc. 2016
901 ## - ELEMENTOS DE DATOS A LOCAL LDA (RLIN)
a 8/3/2017 11:03:38 a.m.

No items available.

© 2024. Todos los Derechos Reservados. Desarrollado por IDEICE